| 000 | 01349cam a2200241 4500 | ||
|---|---|---|---|
| 001 | ##L134501 | ||
| 008 | 060811n2006 000 0 eng u | ||
| 035 | _a(Sirsi) u134501 | ||
| 041 | 0 | _aeng | |
| 050 | 0 | 4 | _a711.1 $2 18 |
| 110 | 1 |
_aUnited Kingdom _bDepartment for Communities and Local Government _94939 |
|
| 245 | 0 | 0 |
_aGeneral Permitted Development Order 1995 _baconsultation |
| 260 |
_aLondon _bDCLG _c2006 |
||
| 520 | _aInvites comments on proposed amendments to the Town and Country Planning (General Permitted Development) Order 1995 and the proposed repeal of the Town and Country Planning (Demolition - Description of Buildings) Direction 1995 and the issuing of a replacement direction. Responses are required by 24 October 2006. | ||
| 590 | _aIKA220806 | ||
| 650 | 2 | 4 | _aTOWN AND COUNTRY PLANNING ACT 1990 |
| 650 | 2 | 4 | _aTOWN AND COUNTRY PLANNING (GENERAL PERMITTED DEVELOPMENT) ORDER 1995 |
| 650 | 2 | 4 | _aTOWN AND COUNTRY PLANNING (GENERAL PERMITTED DEVELOPMENT) (ENGLAND) (AMENDMENT) ORDER 2006 |
| 650 | 2 | 4 | _aTOWN AND COUNTRY PLANNING (DEMOLITION - DESCRIPTION OF BUILDINGS) DIRECTION 1995 |
| 690 | _aENVIRONMENTAL AND LAND CONSULTANCY-PLANNING AND DEVELOPMENT-DEVELOPMENT CONTROL | ||
| 856 | 4 | 0 |
_uhttps://www.communities.gov.uk/index.asp?id=1501905 _zView the consultation free of charge at ww.communities.gov.uk.. |
| 942 | _n0 | ||
| 999 |
_c105704 _d105704 |
||